000 00936nam a2200277 i 4500
003 DO-SdBNP
005 20250828135155.0
007 ta
008 250828s1976 dr 000 j spa d
040 _aDO-SdBNP
_bspa
_cBNPHU
_erda
082 _a320.97291
_bC355i
_222
100 1 0 _aCastro Ruz, Fidel,
_d1927-2016
_eautor
_920516
110 _932074
245 1 0 _aInforme del comité central del PCC al Primer Congreso /
_cFidel Castro RuzPartido Comunista Dominicano,
264 1 _aSanto Domingo :
_bBanco Central de la República Dominicana,
_c1976
300 _a248 páginas,
_c24 cm.
336 _2rdacontent
_atexto
_btxt
337 _2rdamedia
_asin mediación
_bn
338 _2rdacarrier
_avolumen
_bnc
590 _aInventariado, 2025/DG
650 4 _aCuba
_xCondiciones económicas
_949326
650 4 _aCuba
_xCondiciones sociales
_919690
650 4 _aCuba
_xPolítica y gobierno
_949706
910 _aDG
942 _2ddc
_cLBS1
999 _c59843
_d59843